|
|
|
|
| LEADER |
00000nab a2200000 a 4500 |
| 001 |
vtls000215905 |
| 003 |
SK-MaSNL |
| 005 |
20260304204122.0 |
| 008 |
250422c1985 xo 0 slo |
| 015 |
|
|
|a SNBRB19rr/mm-uuuuu
|
| 035 |
|
|
|a CL0226019
|
| 035 |
|
|
|a urn:nbn:sk:snk-ab1blu
|
| 035 |
|
|
|a (urnnbn)urn:nbn:sk:snk:ar-001qv0
|
| 035 |
|
|
|a (uuid)5f001669-702a-4f48-b548-3a6de3c538de
|
| 040 |
|
|
|a SNKBUCL
|b slo
|c SNKBUCL
|e AACR2
|
| 041 |
0 |
|
|a slo
|
| 044 |
|
|
|a xo
|c SK
|
| 080 |
|
|
|a 669.1.017:620.181
|2 1981
|
| 080 |
|
|
|a 620.181
|2 1981
|
| 080 |
|
|
|a 541.121/.123
|2 1981
|
| 100 |
1 |
|
|a Veselovská, Emília,
|d 1938-
|4 aut
|9 213789
|
| 245 |
1 |
0 |
|a Teoretické štúdium fázových diagramov sústav Fe-C, Fe-Si a Fe-C-Si
|c Emília Veselovská, Jozef Ďurišin, Lýdia Repiská
|
| 300 |
|
|
|b Tb. 5. Grafy 5. Res. rus., angl., lit. 16 zázn. v češ., ruš., nem., angl.
|
| 650 |
0 |
7 |
|a železo
|2 snkbucl
|9 16740
|
| 650 |
0 |
7 |
|a sústavy binárne
|2 snkbucl
|9 1352054
|
| 650 |
0 |
7 |
|a sústavy ternárne
|2 snkbucl
|9 1014703
|
| 655 |
|
7 |
|a články z novín a časopisov
|2 snkbucl
|9 267496
|
| 700 |
1 |
|
|a Ďurišin, Jozef,
|d 1945-
|4 aut
|9 8343
|
| 700 |
1 |
|
|a Repiská, Lýdia,
|d 1933-2025
|4 aut
|9 6264
|
| 773 |
0 |
|
|t Kovové materiály
|g Roč. 23, č. 2 (1985), s. 156-165
|
| 850 |
|
|
|a Slovenská národná knižnica
|
| 852 |
|
|
|a Slovenská národná knižnica
|
| 954 |
|
|
|a odborná, vedecká literatúra pôvodná (slovenská)
|2 lita
|
| 958 |
|
|
|a article27
|
| 958 |
|
|
|a NB
|
| 958 |
|
|
|a RK
|
| 958 |
|
|
|a OND
|
| 958 |
|
|
|a EUIPO
|
| 992 |
|
|
|a RBX
|
| 999 |
|
|
|c 3114413
|d 3116343
|